[Event "Ljubljana-chT 75th"]
[Site "Ljubljana"]
[Date "2023.01.19"]
[Round "2.3"]
[White "Kocmur, Boris"]
[Black "Rojs, Igor"]
[Result "0-1"]
[WhiteElo "1611"]
[BlackElo "1935"]
[PlyCount "62"]
[EventDate "2023.01.12"]
[EventType "team-swiss"]
[EventRounds "9"]
[EventCountry "SLO"]
[SourceTitle "EXT 2024"]
[Source "ChessBase"]
[SourceDate "2023.10.10"]
[SourceVersion "1"]
[SourceVersionDate "2023.10.10"]
[SourceQuality "1"]
[WhiteTeam "Visnja Gora Sticna"]
[BlackTeam "Trzin Buscotrade"]
[WhiteTeamCountry "SLO"]
[BlackTeamCountry "SLO"]

1. e4 d5 2. e5 Bf5 3. d4 e6 4. Nc3 c5 5. Nb5 a6 6. Nc3 Nc6 7. Nf3 Qc7 8. a3 cxd4 9. Ne2 d3 10. cxd3 Nxe5 11. Ned4 Nxf3+ 12. Nxf3 Bd6 13. d4 Rc8 14. Bd3 Ne7 15. 0-0 0-0 16. Re1 Bxd3 17. Qxd3 Qc4 18. Qb1 Ng6 19. Be3 Qc2 20. Qa2 Qf5 21. Qb3 b5 22. Rac1 Nf4 23. Ne5 Bxe5 24. dxe5 Qxe5 25. Qb4 Nd3 26. Rxc8 Rxc8 27. Bd2 Nxe1 28. Bxe1 Qe4 29. Qa5 h6 30. g3 Rc1 31. Kf1 d4 0-1

[Event "SLO-chT Central 23rd"]
[Site "Slovenia"]
[Date "2022.10.06"]
[Round "3.4"]
[White "Rojs, Igor"]
[Black "Ojstersek, Peter"]
[Result "1-0"]
[WhiteElo "1942"]
[BlackElo "1605"]
[PlyCount "95"]
[EventDate "2022.09.15"]
[EventType "team-swiss"]
[EventRounds "9"]
[EventCountry "SLO"]
[SourceTitle "EXT 2024"]
[Source "ChessBase"]
[SourceDate "2023.10.10"]
[SourceVersion "1"]
[SourceVersionDate "2023.10.10"]
[SourceQuality "1"]
[WhiteTeam "Trzin Buscotrade"]
[BlackTeam "Komenda Popotnik"]
[WhiteTeamCountry "SLO"]
[BlackTeamCountry "SLO"]

1. c4 c6 2. Nf3 d5 3. e3 Nf6 4. Nc3 Bg4 5. d4 e6 6. h3 Bh5 7. Be2 Bb4 8. 0-0 Nbd7 9. a3 Bd6 10. Qc2 Bxf3 11. Bxf3 dxc4 12. a4 Qc7 13. Ne4 Nxe4 14. Bxe4 Nf6 15. Bf3 0-0 16. Qxc4 e5 17. dxe5 Bxe5 18. Ra3 Rad8 19. Rd1 Rxd1+ 20. Bxd1 Rd8 21. Rd3 Rxd3 22. Qxd3 Nd5 23. f4 Bd6 24. g3 Bc5 25. Kg2 Qd6 26. Kf3 Qc7 27. e4 Nb4 28. Qc4 b6 29. Be2 h6 30. Bd2 a5 31. Bc3 Qd7 32. g4 h5 33. f5 h4 34. g5 Qd6 35. e5 Qd5+ 36. Qe4 Qxe4+ 37. Kxe4 Nd5 38. Be1 Nc7 39. Bxh4 b5 40. b3 bxa4 41. bxa4 Nd5 42. Be1 Bb6 43. Bc4 g6 44. fxg6 fxg6 45. Bxd5+ cxd5+ 46. Kxd5 Kf7 47. Bd2 Ke7 48. Bf4 1-0

[Event "Ljubljana-chT 73rd"]
[Site "Ljubljana"]
[Date "2020.02.06"]
[Round "3.1"]
[White "Rojs, Igor"]
[Black "Perme, Martin"]
[Result "1-0"]
[WhiteElo "1974"]
[BlackElo "1533"]
[PlyCount "73"]
[EventDate "2020.01.16"]
[EventType "team-swiss"]
[EventRounds "6"]
[EventCountry "SLO"]
[SourceTitle "EXT 2024"]
[Source "ChessBase"]
[SourceDate "2023.10.10"]
[SourceVersion "1"]
[SourceVersionDate "2023.10.10"]
[SourceQuality "1"]
[WhiteTeam "Trzin Buscotrade"]
[BlackTeam "Komenda Pogi"]
[WhiteTeamCountry "SLO"]
[BlackTeamCountry "SLO"]

1. d4 Nf6 2. c4 c5 3. d5 b5 4. cxb5 a6 5. bxa6 Bxa6 6. Nc3 d6 7. g3 g6 8. Bg2 Bg7 9. Nf3 0-0 10. 0-0 Nbd7 11. Re1 Ng4 12. e4 Nde5 13. Nxe5 Nxe5 14. Bf1 Nc4 15. Qc2 Qa5 16. Bxc4 Bxc4 17. Bd2 Qc7 18. b3 Ba6 19. Rab1 Qd7 20. Kg2 Bc8 21. Ne2 Qh3+ 22. Kg1 Be5 23. Bc3 Bg4 24. Bxe5 dxe5 25. Qc3 Rxa2 26. f3 Bd7 27. Qxe5 Bb5 28. Rb2 Rfa8 29. Nf4 Qc8 30. Rc1 c4 31. bxc4 Qc5+ 32. Kg2 Qe3 33. Rcc2 R8a3 34. Rxa2 Qxf3+ 35. Kh3 Bd7+ 36. Ne6 f6 37. Qb8+ 1-0

[Event "SLO-chT2 West"]
[Site "Komenda"]
[Date "2019.11.16"]
[Round "3.3"]
[White "More, Erlend"]
[Black "Rojs, Igor"]
[Result "0-1"]
[WhiteElo "1576"]
[BlackElo "1995"]
[PlyCount "70"]
[EventDate "2019.11.15"]
[EventType "team-tourn"]
[EventRounds "9"]
[EventCountry "SLO"]
[SourceTitle "EXT 2024"]
[Source "ChessBase"]
[SourceDate "2023.10.10"]
[SourceVersion "1"]
[SourceVersionDate "2023.10.10"]
[SourceQuality "1"]
[WhiteTeam "Komenda SK"]
[BlackTeam "Trzin"]
[WhiteTeamCountry "SLO"]
[BlackTeamCountry "SLO"]

1. d4 Nf6 2. c4 e6 3. Nc3 d5 4. Bg5 Nbd7 5. e3 c6 6. Nf3 Bb4 7. Bxf6 Nxf6 8. a3 Bxc3+ 9. bxc3 Qa5 10. Qc2 Ne4 11. Rc1 Qxa3 12. cxd5 exd5 13. Bd3 Nf6 14. 0-0 0-0 15. c4 h6 16. cxd5 Nxd5 17. Bc4 Qd6 18. Ne5 Nb6 19. Bd3 Nd5 20. Bc4 Ne7 21. Kh1 Be6 22. Bd3 Nd5 23. Qd2 Rfd8 24. f4 f6 25. Ng6 Ne7 26. Rf3 Nxg6 27. Bxg6 Qd7 28. Rc5 b6 29. Rh5 Bg4 30. Rfh3 Bxh3 31. Rxh3 c5 32. Rh5 cxd4 33. e4 Qg4 34. Rxh6 gxh6 35. Bf5 Qg7 0-1

[Event "SLO-chT Central 20th"]
[Site "Slovenia"]
[Date "2019.09.26"]
[Round "3.2"]
[White "Baric, Dusan"]
[Black "Rojs, Igor"]
[Result "1-0"]
[WhiteElo "2001"]
[BlackElo "1995"]
[PlyCount "73"]
[EventDate "2019.09.12"]
[EventType "team-tourn"]
[EventRounds "7"]
[EventCountry "SLO"]
[SourceTitle "EXT 2024"]
[Source "ChessBase"]
[SourceDate "2023.10.10"]
[SourceVersion "1"]
[SourceVersionDate "2023.10.10"]
[SourceQuality "1"]
[WhiteTeam "Visnja Gora Sticna"]
[BlackTeam "Trzin Buscotrade"]
[WhiteTeamCountry "SLO"]
[BlackTeamCountry "SLO"]

1. e4 e5 2. Nf3 d6 3. d4 Nd7 4. Bc4 Be7 5. 0-0 c6 6. Be3 Ngf6 7. Nc3 b5 8. Bd3 Bb7 9. a3 a6 10. h3 0-0 11. Re1 Qc7 12. Bg5 Rfe8 13. Bf1 Bf8 14. dxe5 dxe5 15. Nh2 g6 16. Qf3 Bg7 17. Rad1 h6 18. Bh4 Nh7 19. Rd2 Ndf8 20. Red1 Bc8 21. Bd8 Qb7 22. Ba5 Ne6 23. Ne2 Nd4 24. Qe3 c5 25. b4 Ng5 26. bxc5 Nxe4 27. c3 Nxd2 28. Nxd4 Nc4 29. Bxc4 bxc4 30. c6 Qa7 31. c7 Bb7 32. Nc2 h5 33. Bb6 Bh6 34. Qc5 Bf8 35. Qa5 Be4 36. Bxa7 Bxc2 37. Rd8 1-0

[Event "Ljubljana-chT 72nd Superliga"]
[Site "Ljubljana"]
[Date "2019.03.14"]
[Round "7.3"]
[White "Rojs, Igor"]
[Black "Sotirov, Slavko"]
[Result "1-0"]
[WhiteElo "1996"]
[BlackElo "1756"]
[PlyCount "85"]
[EventDate "2019.01.10"]
[EventType "team-tourn"]
[EventRounds "7"]
[EventCountry "SLO"]
[SourceTitle "EXT 2024"]
[Source "ChessBase"]
[SourceDate "2023.10.10"]
[SourceVersion "1"]
[SourceVersionDate "2023.10.10"]
[SourceQuality "1"]
[WhiteTeam "Trzin Buscotrade"]
[BlackTeam "Visnja Gora Sticna"]
[WhiteTeamCountry "SLO"]
[BlackTeamCountry "SLO"]

1. d4 e6 2. Nf3 d6 3. e4 h6 4. Bd3 b6 5. Be3 Bb7 6. Nbd2 Nd7 7. c4 c5 8. d5 e5 9. Qa4 a5 10. 0-0-0 g6 11. g4 Bg7 12. Nb1 Ba6 13. Na3 Qc7 14. Nb5 Bxb5 15. Qxb5 Ne7 16. Bc2 Nc8 17. Ba4 Na7 18. Qb3 Ke7 19. Nd2 h5 20. g5 Rhb8 21. Bxd7 Qxd7 22. a4 Rb7 23. Nb1 Rf8 24. Na3 Qg4 25. Qc2 Qd7 26. Rdf1 Ke8 27. f4 exf4 28. Bxf4 Qe7 29. h4 Be5 30. Bd2 Kd8 31. Rf3 Qd7 32. Nb1 Qg4 33. Qd3 Re7 34. Bc3 Bxc3 35. Nxc3 Re5 36. Qf1 Ke7 37. Rf4 Qd7 38. Rh3 Ke8 39. Rhf3 Qe7 40. Rf6 Nc8 41. R3f4 Na7 42. Qf3 Nc8 43. Nb5 1-0

[Event "SLO-chT2 West"]
[Site "Komenda"]
[Date "2017.11.12"]
[Round "4.1"]
[White "Rojs, Igor"]
[Black "Luzar, Emil"]
[Result "1/2-1/2"]
[WhiteElo "1998"]
[BlackElo "2141"]
[PlyCount "81"]
[EventDate "2017.11.11"]
[EventType "team-tourn"]
[EventRounds "7"]
[EventCountry "SLO"]
[SourceTitle "EXT 2019"]
[Source "ChessBase"]
[SourceDate "2018.10.10"]
[SourceVersion "1"]
[SourceVersionDate "2018.10.10"]
[SourceQuality "1"]
[WhiteTeam "Trzin"]
[BlackTeam "Dolenjske Toplice"]
[WhiteTeamCountry "SLO"]
[BlackTeamCountry "SLO"]

1. d4 Nf6 2. Nf3 g6 3. g3 Bg7 4. Bg2 0-0 5. 0-0 d6 6. c4 c6 7. Nc3 Bf5 8. Nh4 Bd7 9. e4 Qc8 10. Re1 Bh3 11. Bh1 e5 12. d5 c5 13. Bg5 h6 14. Be3 Kh7 15. Bf3 Ne8 16. Be2 Nd7 17. Bg4 Bxg4 18. Qxg4 Qd8 19. f4 exf4 20. gxf4 Nb6 21. e5 Nxc4 22. b3 Nxe3 23. Rxe3 dxe5 24. fxe5 Qg5 25. Qxg5 hxg5 26. Nf3 f6 27. h3 fxe5 28. Nxg5+ Kg8 29. Ne6 Rf5 30. Ne4 Bh6 31. Rd3 Kf7 32. N6xc5 b6 33. Na4 Ke7 34. Nac3 Nd6 35. Nxd6 Kxd6 36. Ne4+ Kd7 37. Rf1 Raf8 38. Rdd1 Rf4 39. Rfe1 Rc8 40. Re2 Rcf8 41. Ree1 1/2-1/2

[Event "Ljubljana-chT 70th"]
[Site "Ljubljana"]
[Date "2017.02.09"]
[Round "4.3"]
[White "Jelen, Miha"]
[Black "Rojs, Igor"]
[Result "1/2-1/2"]
[WhiteElo "1909"]
[BlackElo "1991"]
[PlyCount "117"]
[EventDate "2017.01.12"]
[EventType "team-tourn"]
[EventRounds "9"]
[EventCountry "SLO"]
[SourceTitle "EXT 2019"]
[Source "ChessBase"]
[SourceDate "2018.10.10"]
[SourceVersion "1"]
[SourceVersionDate "2018.10.10"]
[SourceQuality "1"]
[WhiteTeam "Ig"]
[BlackTeam "Trzin Buscotrade"]
[WhiteTeamCountry "SLO"]
[BlackTeamCountry "SLO"]

1. e4 d6 2. d4 Nf6 3. Nc3 g6 4. f4 Bg7 5. Nf3 c6 6. Bd3 0-0 7. 0-0 Nbd7 8. Qe1 e5 9. dxe5 dxe5 10. Qh4 Nh5 11. Qxd8 Rxd8 12. fxe5 Nxe5 13. Nxe5 Bxe5 14. Bg5 f6 15. Bc4+ Kf8 16. Be3 b6 17. a4 Ke7 18. Rad1 Be6 19. Ba6 Rxd1 20. Rxd1 Rd8 21. a5 Rxd1+ 22. Nxd1 Bc7 23. Nc3 Kd6 24. Na4 c5 25. g3 Bd7 26. axb6 axb6 27. Nc3 Bc6 28. Kf2 Ke5 29. Bd3 g5 30. Kf3 h6 31. Nd1 f5 32. Nf2 Nf6 33. Ke2 Nxe4 34. Bc1 Nxf2 35. Kxf2 Be4 36. Ke2 f4 37. b3 Kf5 38. g4+ Ke5 39. Bb2+ Kd5 40. c4+ Ke6 41. Bxe4 Be5 42. Bd5+ Kf6 43. Ba3 Bd4 44. Kf3 Ke5 45. b4 Be3 46. bxc5 bxc5 47. Bb2+ Bd4 48. Bc1 Bc3 49. h4 Kd4 50. Be6 Kd3 51. Ba3 Bd4 52. h5 Kc2 53. Ke4 Kb3 54. Bc1 Kc2 55. Ba3 Kb3 56. Bc1 Kc2 57. Bxf4 gxf4 58. Kxf4 Kd2 59. Kf5 1/2-1/2

[Event "SLO-chT2 West"]
[Site "Komenda"]
[Date "2016.11.27"]
[Round "8.2"]
[White "Pucelj, Joze"]
[Black "Rojs, Igor"]
[Result "1/2-1/2"]
[WhiteElo "2084"]
[BlackElo "1986"]
[PlyCount "83"]
[EventDate "2016.11.11"]
[EventType "team-tourn"]
[EventRounds "9"]
[EventCountry "SLO"]
[SourceTitle "EXT 2019"]
[Source "ChessBase"]
[SourceDate "2018.10.10"]
[SourceVersion "1"]
[SourceVersionDate "2018.10.10"]
[SourceQuality "1"]
[WhiteTeam "Dolenjske Toplice"]
[BlackTeam "Trzin"]
[WhiteTeamCountry "SLO"]
[BlackTeamCountry "SLO"]

1. e4 e5 2. Nf3 Nc6 3. Bb5 Nf6 4. Qe2 d6 5. h3 Bd7 6. c3 Qe7 7. 0-0 0-0-0 8. Re1 Re8 9. d3 h6 10. Nbd2 g5 11. Nh2 Rg8 12. Ndf1 h5 13. Ne3 Qd8 14. Nf5 Ne7 15. Bxd7+ Qxd7 16. Nxe7+ Qxe7 17. Nf1 g4 18. h4 Qe6 19. Ng3 Rh8 20. Nf5 d5 21. b4 Rg8 22. Qe3 Kb8 23. Bd2 dxe4 24. dxe4 Qc4 25. Qe2 Qxe2 26. Rxe2 Rd8 27. Bg5 Rg6 28. Ng3 Rd3 29. Rae1 Rxc3 30. Rd2 Bd6 31. Bxf6 Rxf6 32. Nxh5 Rh6 33. Ng3 Rxh4 34. Nf5 Rh8 35. Nxd6 cxd6 36. Rxd6 g3 37. fxg3 Rxg3 38. Rf6 Rhg8 39. Re2 R8g7 40. Rf5 R3g5 41. Rxg5 Rxg5 42. Rf2 1/2-1/2

[Event "SLO-chT2 West"]
[Site "Slovenia"]
[Date "2015.11.07"]
[Round "6"]
[White "Beletic, Daniel"]
[Black "Rojs, Igor"]
[Result "1-0"]
[WhiteElo "2292"]
[BlackElo "2013"]
[PlyCount "103"]
[EventDate "2015.10.17"]
[EventType "team-tourn"]
[EventRounds "7"]
[EventCountry "SLO"]
[SourceTitle "EXT 2019"]
[Source "ChessBase"]
[SourceDate "2018.10.10"]
[SourceVersion "1"]
[SourceVersionDate "2018.10.10"]
[SourceQuality "1"]
[WhiteTeam "Ilirska Bistrica Rimex"]
[BlackTeam "Trzin"]
[WhiteTeamCountry "SLO"]
[BlackTeamCountry "SLO"]

1. d4 d5 2. Nf3 Nf6 3. Bf4 Bf5 4. e3 e6 5. c4 c6 6. Nc3 Nbd7 7. Qb3 Qb6 8. c5 Qxb3 9. axb3 a6 10. b4 Rc8 11. h3 Be7 12. Nd2 Ne4 13. Nb3 f6 14. Na5 e5 15. Bh2 Rc7 16. Bd3 Kf7 17. Bxe4 Bxe4 18. Nxe4 dxe4 19. Ke2 Ke6 20. Rad1 Rd8 21. Rd2 Nf8 22. Rhd1 Ng6 23. Nc4 Rd5 24. Nb6 Rd8 25. f3 f5 26. Nc4 Rd5 27. fxe4 fxe4 28. dxe5 Rcd7 29. Rd4 Nh4 30. Nb6 Rxd4 31. exd4 Rd8 32. Ke3 Nxg2+ 33. Kxe4 Nh4 34. d5+ cxd5+ 35. Nxd5 Ng6 36. Nc7+ Kf7 37. e6+ Kf8 38. Rf1+ Kg8 39. Nd5 Rf8 40. Rd1 Bd8 41. Nc7 Bxc7 42. Bxc7 Re8 43. Kd5 Ne7+ 44. Kd6 Nc6 45. Re1 Kf8 46. Kd7 Re7+ 47. Kc8 Na7+ 48. Kb8 Nc6+ 49. Kxb7 Nxb4 50. Kc8 Ke8 51. Bd6 Ra7 52. Rf1 1-0

[Event "SLO-chT2 West"]
[Site "Slovenia"]
[Date "2015.10.17"]
[Round "2"]
[White "Kocevar, Tugomir"]
[Black "Rojs, Igor"]
[Result "0-1"]
[WhiteElo "1978"]
[BlackElo "2013"]
[PlyCount "132"]
[EventDate "2015.10.17"]
[EventType "team-tourn"]
[EventRounds "7"]
[EventCountry "SLO"]
[SourceTitle "EXT 2019"]
[Source "ChessBase"]
[SourceDate "2018.10.10"]
[SourceVersion "1"]
[SourceVersionDate "2018.10.10"]
[SourceQuality "1"]
[WhiteTeam "Radovljica"]
[BlackTeam "Trzin"]
[WhiteTeamCountry "SLO"]
[BlackTeamCountry "SLO"]

1. e4 d5 2. exd5 Nf6 3. d4 Nxd5 4. c4 Nb6 5. Nc3 c6 6. Be3 g6 7. a4 a5 8. c5 Nd5 9. Bc4 Be6 10. Qb3 Qd7 11. Nf3 f6 12. 0-0 Na6 13. Nxd5 Bxd5 14. Bxd5 cxd5 15. Qb5 Nb4 16. Bd2 Nc6 17. Rfe1 Bg7 18. Ra3 0-0 19. Rb3 Ra7 20. Rbe3 e5 21. dxe5 fxe5 22. Bc3 d4 23. Bxd4 exd4 24. Re7 Qd5 25. Rxb7 Rxb7 26. Qxb7 Qxc5 27. Qd7 Nd8 28. h4 h6 29. Re8 Nf7 30. b3 Rxe8 31. Qxe8+ Qf8 32. Qe6 Qd6 33. Qc4 d3 34. h5 gxh5 35. Qc8+ Qd8 36. Qc1 Qd5 37. Qd2 Ng5 38. Ne1 Ne4 39. Qxd3 Qxd3 40. Nxd3 Nd2 41. b4 axb4 42. Nxb4 Nc4 43. Nc6 Bc3 44. Kh2 Kg7 45. Kg3 Kg6 46. Kf4 Kf6 47. Ke4 Be1 48. f3 Nd6+ 49. Kd3 Nb7 50. Ke2 Ba5 51. Kd3 Bc7 52. Ke2 h4 53. Kf2 Bb6+ 54. Ke2 Kf5 55. Ne7+ Ke6 56. Nc6 Kd6 57. Nb4 Nc5 58. Nd3 Nxd3 59. Kxd3 Ke5 60. Kc4 Kf4 61. Kb5 Bf2 62. a5 Kg3 63. a6 Kxg2 64. f4 h3 65. f5 h2 66. f6 h1Q 0-1

[Event "SLO-chT Central Superliga 16th"]
[Site "Slovenia"]
[Date "2015.10.08"]
[Round "3.1"]
[White "Rojs, Igor"]
[Black "Trebusak, Anton"]
[Result "1/2-1/2"]
[WhiteElo "2013"]
[BlackElo "1946"]
[PlyCount "46"]
[EventDate "2015.09.10"]
[EventType "team-tourn"]
[EventRounds "9"]
[EventCountry "SLO"]
[SourceTitle "EXT 2022"]
[Source "ChessBase"]
[SourceDate "2021.10.06"]
[SourceVersion "1"]
[SourceVersionDate "2021.10.06"]
[SourceQuality "1"]
[WhiteTeam "Trzin Buscotrade"]
[BlackTeam "Komenda Pogi"]
[WhiteTeamCountry "SLO"]
[BlackTeamCountry "SLO"]

1. d4 d5 2. Nf3 Nf6 3. c4 c6 4. e3 e6 5. Nc3 Be7 6. Bd3 0-0 7. 0-0 b6 8. b3 Bb7 9. Bb2 Nbd7 10. Rc1 Rc8 11. Bb1 Re8 12. Ne5 Nf8 13. f4 c5 14. Qf3 Qc7 15. cxd5 exd5 16. g4 Qb8 17. g5 Ne4 18. Nxe4 dxe4 19. Bxe4 Bxe4 20. Qxe4 Bd6 21. dxc5 Bxc5 22. Qf3 Qa8 23. Kg2 Bxe3 1/2-1/2

[Event "SLO-chT2 West"]
[Site "Ljubljana"]
[Date "2014.11.07"]
[Round "6.2"]
[White "Vandersmissen, Mathie"]
[Black "Rojs, Igor"]
[Result "1-0"]
[WhiteElo "2117"]
[BlackElo "1972"]
[PlyCount "107"]
[EventDate "2014.10.17"]
[EventType "team-tourn"]
[EventRounds "9"]
[EventCountry "SLO"]
[SourceTitle "EXT 2019"]
[Source "ChessBase"]
[SourceDate "2018.10.10"]
[SourceVersion "1"]
[SourceVersionDate "2018.10.10"]
[SourceQuality "1"]
[WhiteTeam "Posocje"]
[BlackTeam "Trzin"]
[WhiteTeamCountry "SLO"]
[BlackTeamCountry "SLO"]

1. g3 d5 2. d3 e5 3. c4 dxc4 4. Qa4+ c6 5. Qxc4 Be6 6. Qa4 g6 7. Nf3 Bg7 8. Ng5 Bc8 9. Nc3 Ne7 10. Bd2 Na6 11. Bg2 h6 12. Nf3 Be6 13. 0-0 0-0 14. Rfd1 Nf5 15. e4 Nd4 16. Nxd4 Qxd4 17. Qxd4 exd4 18. Ne2 Rfd8 19. b4 Rac8 20. Nf4 Bf8 21. Nxe6 fxe6 22. a3 Kf7 23. f4 Bg7 24. g4 Nc7 25. Bf3 Bf6 26. Kg2 g5 27. f5 Be5 28. Rf1 Bf4 29. Bxf4 gxf4 30. fxe6+ Nxe6 31. Bd1 Ke7 32. Bb3 Rf8 33. h4 c5 34. b5 Nc7 35. a4 Kd6 36. Kf3 Ne6 37. Rg1 Rc7 38. Rg2 Rg7 39. Rc1 b6 40. Ra1 Nd8 41. a5 Nf7 42. Bxf7 Rgxf7 43. axb6 axb6 44. Ra6 Rb7 45. Rga2 Ke5 46. Ra8 Rxa8 47. Rxa8 Rd7 48. Re8+ Kd6 49. e5+ Kd5 50. e6 Rd6 51. e7 Ke6 52. Kxf4 c4 53. dxc4 d3 54. Rd8 1-0